000 00614nam a22001697a 4500
005 20231115124055.0
008 231115b |||||||| |||| 00| 0 eng d
020 _a9780409123289 ; 978409123296
041 _aEnglish
082 _a344.1 PAT
100 _aPatelia, E and Chicktay, MA
_lEnglish
245 _aAppropriate Dispute Resolution :
_bA Practical Guide to Negotiation, Mediation and Arbitration /
_cE Patelia and MA Chicktay
260 _aDurban :
_bLexisNexis (Pty) Ltd,
_c2015
300 _bix, 131 pages ;
_c25 cm.
650 _aLegal practice
_bLaw
942 _cBK
_6ALISON_BN_VRIES
999 _c677
_d677